|
|
|
|
| LEADER |
00000nam a22000007a 4500 |
| 008 |
231011b |||||||| |||| 00| 0 eng d |
| 020 |
|
|
|a 9781138480254
|
| 245 |
|
|
|a Arabic translation across discourses
|c / edited by Said Faiq
|e (Routledge studies in language and identity)
|g xii, 222p
|
| 260 |
|
|
|b Routledge
|c 2019
|h London
|i 701210
|i 701209
|l PJ6170.Ar1
|m Arabic language-Translating
|m Translating and interpreting
|m Translating and interpreting-Technological innovations
|
| 500 |
|
|
|a Includes bibliographical references and index.
|
| 942 |
|
|
|a lcc
|c BK
|e Johnson
|f 11/10/23
|
| 952 |
|
|
|0 0
|1 0
|2 lcc
|4 0
|6 PJ6170 A R1
|7 0
|9 4560
|a ART
|b HOL
|c LP
|d 2023-10-11
|l 0
|o PJ6170.Ar1
|p 2023-0480
|r 2023-10-11 00:00:00
|t 701209
|w 2023-10-11
|y BK
|
| 952 |
|
|
|0 0
|1 0
|2 lcc
|4 0
|6 PJ6170 A R1
|7 0
|9 4561
|a HOL
|b HOL
|c LP
|d 2023-10-11
|l 0
|o PJ6170.Ar1
|p 2023-0481
|r 2023-10-11 00:00:00
|t 701210
|w 2023-10-11
|y BK
|
| 999 |
|
|
|c 2287
|d 2287
|